| 000 | 00638nam a2200193 a 4500 | ||
|---|---|---|---|
| 008 | 120416s1978 ||||||||||||||||| || u | ||
| 020 | _a0070152047 | ||
| 050 | _aTA 407 Dal | ||
| 100 | _aDally, James W | ||
| 245 | 1 | 0 | _aExperimental stress analysis. (2nd ed.) |
| 250 | _a2nd ed. | ||
| 260 |
_aNew York : _bMcGraw-Hill _c1978. |
||
| 300 | _axvii, 571p. : ill | ||
| 350 | _a0.00 | ||
| 650 | _aSTRESS | ||
| 650 | _aSTRESS ANALYSIS | ||
| 700 | _aRiley, William Franklin, 1925- | ||
| 995 |
_D0.00 _FCBU-MAIN LIBRARY (Kitwe) _H1 _I10.95 _M1 _UAVAILABLE _ZAnnex Low-Usage Collection |
||
| 999 |
_c42903 _d42903 |
||